| 000 | 01876cam a22001934a 4500 | ||
|---|---|---|---|
| 005 | 20250605164401.0 | ||
| 008 | 250528s ||||||||||||||||||||||||d | ||
| 035 | _a24599 | ||
| 040 |
_aGR-AtMCL _bgre _dGR-AtMCL _eAACR2 |
||
| 245 | 1 | _aΤο Δικαίωμα στην Τροφή: Παγκόσμια Επισιτιστική Κρίση και Περιβάλλον / Με τη Συμβολή του | |
| 260 |
_aΑθήνα _bΚαλοκάθη, _c2009 |
||
| 300 | _a248 | ||
| 520 | _aΓενικός Πρόλογος, Εισαγωγική Παρέμβαση, Εταιρική Κοινωνική Ευθύνη και Βιώσιμη Ανάπτυξη, Το Δικαίωμα στην Τροφή: Ο Ρόλος του ΟΗΕ στην Προαγωγή μιας Παγκόσμιας Στρατηγικής για την Καταπολέμηση της Πείνας και της Κακής Διατροφής, Ο Συνδυασμός Περιβαλλοντικών και Αναπτυξιακών Στόχων: Προς μια Νέα Αρχιτεκτονική στη Διεθνή Οργάνωση για την Αντιμετώπιση της Πείνας στον Κόσμο, Η Παγκόσμια Επισιτιστική Κρίση και μια Οπτική από τον Ανεπτυγμένο Βορρά, Κλιματική Αλλαγή: Επισιτιστική Κρίση και Αναπτυσσόμενος Νότος, Γυναίκες στη Φτώχεια: Η Μεγάλη Πρόκληση και Συναγερμός Ενάντια στη Πείνα, Πείνα και Υποσιτισμός και Κοινωνικές Διαστάσεις: Παιδί και Το Πρώτο Θύμα, Ενδεικτική Γενική Βιβλιογραφία. | ||
| 700 | 1 |
_aΤσάλτας Γρηγόρης Ι _99490 |
|
| 942 | _cBK | ||
| 999 |
_c9469 _d9469 |
||